I am sacagawea / (Record no. 4091)

MARC details
000 -LEADER
fixed length control field 00968nam a22002657a 4500
001 - CONTROL NUMBER
control field 4091
003 - CONTROL NUMBER IDENTIFIER
control field FISKH
005 - DATE AND TIME OF LATEST TRANSACTION
control field 20240606132923.0
008 - FIXED-LENGTH DATA ELEMENTS--GENERAL INFORMATION
fixed length control field 240606b cb ||||| |||| 00| 0 eng d
020 ## - INTERNATIONAL STANDARD BOOK NUMBER
International Standard Book Number 9780545405744
040 ## - CATALOGING SOURCE
Original cataloging agency FISKH
Language of cataloging eng
Transcribing agency FISKH
Modifying agency FISKH
050 ## - LIBRARY OF CONGRESS CALL NUMBER
Classification number F592.S123
082 ## - DEWEY DECIMAL CLASSIFICATION NUMBER
Classification number 978.004
100 ## - MAIN ENTRY--PERSONAL NAME
Personal name Norwich Grace
Dates associated with a name 1911
245 ## - TITLE STATEMENT
Title I am sacagawea /
Statement of responsibility, etc. Grace Norwich
260 ## - PUBLICATION, DISTRIBUTION, ETC.
Place of publication, distribution, etc. New York :
Name of publisher, distributor, etc. Scholastic,
Date of publication, distribution, etc. 2012
300 ## - PHYSICAL DESCRIPTION
Extent 128 pages :
Other physical details illustrations ;
Dimensions 2o cm
505 ## - FORMATTED CONTENTS NOTE
Formatted contents note Z<br/>
520 ## - SUMMARY, ETC.
Summary, etc. A biography of Shoshoni Indian Sacagawea, known for guiding the Lewis and Clark expedition across the western half of the United States from 1804 to 1806, discussing her childhood and kidnapping by the Hidatsa tribe, her marriage to Toussaint Charbonneau, and the mystery surrounding her death.<br/>
521 8# - TARGET AUDIENCE NOTE
Target audience note 1010<br/>
Source Lexile<br/>
521 8# - TARGET AUDIENCE NOTE
Target audience note Z<br/>
Source Raz-Plus<br/>
700 ## - ADDED ENTRY--PERSONAL NAME
Personal name Grace Norwich
942 ## - ADDED ENTRY ELEMENTS (KOHA)
Source of classification or shelving scheme Dewey Decimal Classification
Koha item type Books
Suppress in OPAC No
Holdings
Withdrawn status Lost status Source of classification or shelving scheme Damaged status Not for loan Collection Home library Current library Shelving location Date acquired Total Checkouts Full call number Barcode Date last seen Copy number Price effective from Koha item type
    Dewey Decimal Classification     Non-Fiction Footprints International School Library Network Toul Kork Campus Footprints International School Library Network Toul Kork Campus TTP Secondary Non-Fiction Bookshelves 06/06/2024   NOR F592.S123 978.004 2024-0813 06/06/2024 1 06/06/2024 Books